|
|
|
|
| LEADER |
00000cas a2200000 a 4500 |
| 001 |
vtls009319203 |
| 003 |
SK-MaSNL |
| 005 |
20260228162341.0 |
| 008 |
080807d19791989xo fr|p 0 b0slo |
| 040 |
|
|
|a SVKPO
|b slo
|c SVKPO
|d SNK
|e AACR2
|
| 041 |
0 |
|
|a slo
|
| 044 |
|
|
|a xo
|c SK
|
| 072 |
|
7 |
|a 316
|x Sociológia
|2 konspekt
|
| 072 |
|
7 |
|a 321
|x Politológia
|2 konspekt
|
| 072 |
|
7 |
|a 316.3
|x Globálne spoločnosti. Sociálna štruktúra. Sociálne skupiny
|2 konspekt
|
| 080 |
|
|
|a 050
|2 2001
|
| 080 |
|
|
|a 316
|2 2001
|
| 080 |
|
|
|a 321
|2 2001
|
| 080 |
|
|
|a 316.3
|2 2001
|
| 245 |
0 |
0 |
|a Vedecké informácie
|
| 260 |
|
|
|a Košice
|b Spoločenskovedný ústav Slovenskej akadémie vied v Košiciach
|c 1979-1989
|
| 300 |
|
|
|a 10 zv.
|b tab.
|c 21 cm
|
| 310 |
|
|
|a 2x ročne
|
| 362 |
0 |
|
|a 1 (1979)-1 (1989)
|
| 500 |
|
|
|a Redaktori sa menia
|
| 500 |
|
|
|a Obsahuje recenzie, anotácie
|
| 504 |
|
|
|a Bibliogr. odkazy ; pozn.
|
| 650 |
0 |
7 |
|a sociológia
|2 SNKPH
|9 1010
|
| 650 |
0 |
7 |
|a politológia
|2 SNKPH
|9 4684
|
| 650 |
0 |
7 |
|a spoločnosť
|2 SNKPH
|9 1013
|
| 655 |
|
7 |
|a vedecké časopisy
|2 SNKPH
|9 70520
|
| 910 |
|
|
|a svkpo
|
| 910 |
|
|
|a snk
|
| 916 |
|
|
|a 1979-1980,1982-1989
|
| 999 |
|
|
|c 7657
|d 9587
|
| 952 |
|
|
|t č. 1
|a SNK
|b SNK
|c SNK_KF
|y PREZ
|7 8
|p 17A0827637
|o snkČSD 1376/1979
|i snkD 1057/92
|8 1
|f 1
|0 0
|1 0
|4 0
|d 2015-06-29
|l 0
|r 2026-02-21 19:34:36
|w 2026-02-21
|
| 952 |
|
|
|t č. 1-2
|a SNK
|b SNK
|c SNK_KF
|y PREZ
|7 8
|p 17A0827638
|o snkČSD 1376/1982
|i snkČSP 1772/83
|f 1
|0 0
|1 0
|4 0
|d 2015-06-29
|l 0
|r 2026-02-21 19:34:37
|w 2026-02-21
|
| 952 |
|
|
|t č. 1-2
|a SNK
|b SNK
|c SNK_KF
|y PREZ
|7 8
|p 17A0827639
|o snkČSD 1376/1983
|i snkČSP 1192/84
|f 1
|0 0
|1 0
|4 0
|d 2015-06-29
|l 0
|r 2026-02-21 19:34:37
|w 2026-02-21
|
| 952 |
|
|
|t č. 1-2
|a SNK
|b SNK
|c SNK_KF
|y PREZ
|7 8
|p 17A0827640
|o snkČSD 1376/1985
|i snkČSP 4015/86
|f 1
|0 0
|1 0
|4 0
|d 2015-06-29
|l 0
|r 2026-02-21 19:34:37
|w 2026-02-21
|
| 952 |
|
|
|t č. 1-2
|a SNK
|b SNK
|c SNK_KF
|y PREZ
|7 8
|p 17A0827641
|o snkČSD 1376/1986
|i snkČSP 4279/87
|f 1
|0 0
|1 0
|4 0
|d 2015-06-29
|l 0
|r 2026-02-21 19:34:37
|w 2026-02-21
|
| 952 |
|
|
|t č. 1-2
|a SNK
|b SNK
|c SNK_KF
|y PREZ
|7 8
|p 17A0827642
|o snkČSD 1376/1988
|i snkČSP 4963/90
|f 1
|0 0
|1 0
|4 0
|d 2015-06-29
|l 0
|r 2026-02-21 19:34:37
|w 2026-02-21
|
| 952 |
|
|
|t č. 1
|a SNK
|b SNK
|c SNK_KF
|y PREZ
|7 8
|p 17A0515672
|o snkČSD 1376/1989
|i snkČSP 3737/94
|f 1
|3 Rekatalogizácia
|0 0
|1 0
|4 0
|d 2006-09-07
|l 0
|r 2026-02-21 20:13:09
|w 2026-02-21
|
| 952 |
|
|
|t č. 1-2
|a SNK
|b SNK
|c SNK_KF
|y PREZ
|7 8
|p 17A0298589
|o snkČSD 1376/1980
|i snkD 553/2001
|8 1
|f 1
|0 0
|1 0
|4 0
|d 2001-05-09
|l 0
|r 2005-01-01 00:00:00
|w 2026-02-21
|
| 952 |
|
|
|t č. 1-2
|a SNK
|b SNK
|c SNK_KF
|y PREZ
|7 8
|p 17A0180607
|o snkČSD 1376/1984
|i snkČSP 1323/85
|f 1
|0 0
|1 0
|4 0
|d 2001-05-09
|l 0
|r 2005-01-01 00:00:00
|w 2026-02-21
|
| 952 |
|
|
|t č. 1-2
|a SNK
|b SNK
|y PREZ
|7 0
|p 17A0180991
|o snkČSD 1376/1986 D1
|0 0
|1 0
|4 0
|d 2001-05-09
|l 0
|r 2005-01-01 00:00:00
|w 2026-02-21
|
| 952 |
|
|
|t č. 1-2
|a SNK
|b SNK
|y PREZ
|7 0
|p 17A0162276
|o snkČSD 1376/1987 D1
|0 0
|1 0
|4 0
|d 2001-05-09
|l 0
|r 2005-01-01 00:00:00
|w 2026-02-21
|
| 952 |
|
|
|t č. 1
|a SNK
|b SNK
|y PREZ
|7 0
|p 17A0025158
|o snkČSD 1376/1989 D1
|0 0
|1 0
|4 0
|d 2001-05-09
|l 0
|r 2005-01-01 00:00:00
|w 2026-02-21
|
| 952 |
|
|
|t č. 1-2
|a SNK
|b SNK
|c SNK_KF
|y PREZ
|7 8
|p 17A0309752
|o snkČSD 1376/1987
|i snkČSP 4389/88
|f 1
|0 0
|1 0
|4 0
|d 2001-07-31
|l 0
|r 2005-01-01 00:00:00
|w 2026-02-21
|